[Event "Ilmar Raud Memorial 2020"]
[Site "Viljandi"]
[Date "2020.07.07"]
[Round "2.5"]
[White "Kukk, Sander"]
[Black "Volodin, Aleksandr"]
[Result "1-0"]
[WhiteElo "2194"]
[BlackElo "2497"]
[Annotator "TA"]
[PlyCount "76"]
[EventDate "2020.07.08"]
[EventCountry "EST"]
[SourceTitle "playchess.com"]
[Source "ChessBase"]
[SourceQuality "1"]

{[%evp 16,76,-13,-18,0,-29,-21,-40,-8,-17,-11,-27,-24,-21,13,-8,-8,-9,0,-20,0,0,0,0,0,0,0,0,0,0,0,0,0,0,0,0,0,0,0,-44,0,-6,-11,-216,-209,-199,-61,-60,-53,-66,-59,-82,-72,-87,0,-8,-4,-8,-11,-10,-8,-8,0]} 1. b3 e5 2. Bb2 Nc6 3. c4 Nf6 4. Nc3 d5 5. cxd5 Nxd5 6. g3 Be6 7. Bg2 Be7 8. Nf3 O-O 9. O-O f6 {A01: Nimzowitsch-Larsen Opening.} 10. d3 Nxc3 11. Bxc3 {[#]} Qd7 $146 {Black is slightly better.} ({Predecessor:} 11... Nd4 12. Nxd4 exd4 13. Bb2 Bd5 14. Rc1 Bxg2 15. Kxg2 c5 16. Qc2 Qd7 17. Qc4+ Kh8 {1-0 (57) Poletto,D (1709)-Colica,D (1705) Milan 2014}) 12. Bb2 a5 {[%cal Ba7a5,Ba5a4][%mdl 32]} 13. a3 Rfd8 14. Qc2 a4 15. b4 Bb3 16. Qc1 Bd5 17. Rd1 Na7 18. e4 Bb3 19. Rd2 $1 Nb5 20. d4 exd4 21. Nxd4 Nxd4 22. Rxd4 Bd6 23. Bf1 Qf7 24. Bc4 Bxc4 25. Qxc4 Qxc4 26. Rxc4 c6 27. Rd1 Be7 28. Rxd8+ Rxd8 $11 {[%mdl 4096] Endgame KRB-KRB} 29. b5 $2 (29. Rd4 $11 {and White has nothing to worry.}) 29... cxb5 $19 30. Rc7 Rd2 (30... Bf8 $19 {Hoping for ...Rd2.} 31. e5 Rd2) 31. Rxe7 $15 {[#] Threatens to win with Bc3.} Rxb2 32. Rxb7 {KR-KR} h5 33. Kg2 Rb3 34. f4 Rb2+ (34... g6 $17) 35. Kh3 {The position is equal.} Kh7 36. e5 fxe5 37. fxe5 Kg6 38. g4 $1 hxg4+ {[%mdl 32768] Accuracy: White = 80%, Black = 76%. . Loss on time!?} 1-0

[Event "Ilmar Raud Memorial 2020"]
[Site "Viljandi"]
[Date "2020.07.07"]
[Round "2.6"]
[White "Miezis, Normunds"]
[Black "Olde, Margareth"]
[Result "1/2-1/2"]
[WhiteElo "2489"]
[BlackElo "2201"]
[Annotator "TA"]
[PlyCount "84"]
[EventDate "2020.07.08"]
[EventCountry "EST"]
[SourceTitle "playchess.com"]
[Source "ChessBase"]
[SourceQuality "1"]

{[%evp 9,84,8,10,10,6,3,-1,-8,0,0,0,0,0,0,3,0,0,-5,48,-20,-12,-19,-13,-16,0,-21,18,0,0,-39,-37,-50,0,0,20,-39,-36,-33,-12,-41,-44,-62,0,0,0,0,0,0,0,0,0,2,8,0,0,0,0,0,0,0,0,0,0,0,0,0,0,0,0,0,0,0,0,0,0,0,0]} 1. c4 e5 2. g3 c6 3. d4 e4 4. Nc3 d5 5. Bg2 Nf6 6. cxd5 {A20: English Opening: 1...e5.} cxd5 7. f3 {[%cal Rf3e4]} Bb4 8. Bg5 O-O 9. fxe4 dxe4 {[#]} 10. Bxe4 $1 {[%mdl 512]} Re8 {[#]} (10... Nxe4 11. Bxd8) 11. Bxf6 $146 ({Predecessor:} 11. Bg2 Qa5 12. Nf3 Bxc3+ 13. bxc3 Qxc3+ 14. Bd2 Qd3 15. Bf4 Qc3+ 16. Bd2 Qd3 17. Bf4 Qc3+ 18. Bd2 {½-½ (18) Kerr,S (2488)-Schramm,A (2491) ICCF email 2010}) 11... Qxf6 12. Qd3 Nc6 13. Nf3 $132 {[%mdl 2048] White is fighting back} Bg4 (13... Bh3 $11) 14. Bxc6 (14. Rd1 $14) 14... Qxc6 $11 15. O-O f6 16. Rf2 Rad8 17. Nd2 Kh8 18. e3 Bh5 19. Re1 Bg6 20. e4 Bc5 (20... f5 $5) 21. Nf3 Bh5 {Strongly threatening ...Bxf3.} 22. Qb5 (22. Nd5 $11 Bb6 23. Rc2) 22... Qxb5 $15 23. Nxb5 Bb4 {...Bxf3 is the strong threat.} 24. Re3 a6 25. Rb3 {And now Nc7 would win.} Ba5 ({Better is} 25... Bf8 $1 $15 26. Nc7 Rxe4) 26. Nc3 $11 {The position is equal.} Bxf3 27. Rxf3 Rxd4 28. Rxb7 h6 29. Kg2 Bxc3 30. Rxc3 Rexe4 {[%mdl 4096] Endgame KRR-KRR} 31. Rc8+ Kh7 32. Rcc7 Rg4 33. Rc6 f5 34. Rxa6 Rd2+ 35. Kh3 Re4 {( -> ...Ree2!)} 36. Raa7 Ree2 {[%csl Gd2][%cal Re2h2]} 37. Rxg7+ Kh8 {[%csl Gd2][%cal Re2h2]} 38. Rh7+ {[%mdl 64] [#] Double Attack} Kg8 {[%csl Gd2][%cal Re2h2]} 39. Rag7+ Kf8 {[%csl Gd2][%cal Re2h2]} 40. Rf7+ {[%mdl 64] Double Attack} Kg8 $1 {[%csl Gd2][%cal Re2h2]} 41. Rfg7+ Kf8 {[%csl Gd2][%cal Re2h2]} 42. Rf7+ {[%mdl 64] Double Attack} Kg8 $1 {Accuracy: White = 82%, Black = 89%.} 1/2-1/2

[Event "Ilmar Raud Memorial 2020"]
[Site "Viljandi"]
[Date "2020.07.07"]
[Round "3.1"]
[White "Meshkovs, Nikita"]
[Black "Pohjala, Henri"]
[Result "1-0"]
[WhiteElo "2582"]
[BlackElo "2358"]
[Annotator "TA"]
[PlyCount "81"]
[EventDate "2020.07.08"]
[EventCountry "EST"]
[SourceTitle "playchess.com"]
[Source "ChessBase"]
[SourceQuality "1"]

{[%evp 11,81,48,50,41,48,41,79,64,62,68,106,77,74,80,89,79,77,76,83,83,76,72,77,69,108,64,97,89,113,111,116,88,125,102,125,120,115,112,110,96,93,98,134,117,280,268,244,208,359,323,389,415,419,366,527,543,525,421,497,432,387,169,160,146,194,106,432,446,416,416,885,877]} 1. g3 d6 2. Bg2 c6 3. c4 e5 4. d4 Qc7 5. Nc3 Nf6 6. e4 Be7 7. Nge2 {A22: English Opening: 1...e5 2 Nc3 Nf6.} O-O 8. O-O a5 9. h3 {White is better.} Na6 10. Be3 {[#]} Bd7 $146 ({Predecessor:} 10... Re8 11. Rc1 Bf8 12. g4 Nd7 13. Qd2 b6 14. d5 Bb7 15. Ng3 Ndc5 16. f4 Qd7 {1-0 (42) Dey,J (2175)-Wambach,J (1922) Bayern 2015}) 11. Rc1 Rad8 12. Qd2 exd4 13. Bxd4 Nc5 14. g4 h6 15. Ng3 Rfe8 16. f4 Bc8 17. Rcd1 Nfd7 18. Qf2 Bf8 19. b3 Ne6 {[#]} 20. Be3 $1 Nec5 21. Nce2 Ne6 22. Rd2 Nec5 23. Rfd1 Na6 24. Bf3 a4 25. h4 ({But not} 25. bxa4 $6 Nac5 $14) 25... axb3 26. axb3 Ndc5 27. Nd4 Nd7 $2 (27... d5 $16) 28. g5 $18 g6 29. gxh6 Bxh6 $2 (29... Kh7 30. h5 Nf6 31. hxg6+ fxg6) 30. f5 Bxe3 31. Qxe3 d5 32. Rg2 Qe5 (32... Nf8 {is a better defense.} 33. Nh5 Qe5) 33. fxg6 fxg6 34. Nh5 Nf8 {[%cal Rd5e4]} 35. Rg5 Qe7 {[%cal Rd5e4]} 36. cxd5 (36. e5 $142) 36... Rxd5 37. Rg2 ({Weaker is} 37. Rxd5 cxd5 38. Nf4 Nb4 $11) 37... Rd6 38. Rdd2 (38. Qh6 $18) 38... Qe5 $2 {[%mdl 8192]} (38... Nc7 $16) 39. Rg5 Qe7 40. Qf4 {Strongly threatening Nf5!} Kh8 {[#]} (40... Nc5 $142 41. Rxc5 gxh5 42. Bxh5 Ng6) 41. Nf5 $1 {[%mdl 576] Double Attack. Accuracy: White = 74%, Black = 43%.} 1-0

[Event "Ilmar Raud Memorial 2020"]
[Site "Viljandi"]
[Date "2020.07.07"]
[Round "3.2"]
[White "Chukavin, Kirill"]
[Black "Neiksans, Arturs"]
[Result "0-1"]
[WhiteElo "2348"]
[BlackElo "2557"]
[Annotator "TA"]
[PlyCount "86"]
[EventDate "2020.07.08"]
[EventCountry "EST"]
[SourceTitle "playchess.com"]
[Source "ChessBase"]
[SourceQuality "1"]

{[%evp 12,86,10,0,39,25,35,19,27,24,26,28,35,38,25,7,2,0,0,0,0,0,14,0,27,25,36,20,26,-47,-43,-52,-51,-101,-69,-73,-66,-97,-100,-105,-94,-109,-87,-95,-94,-115,-85,-103,-39,-166,-177,-183,-180,-231,-170,-149,-140,-271,-265,-231,-17,-487,-486,-620,-613,-612,-607,-605,-597,-582,-528,-4947,-4943,-4618,-4602,-29987,-29988]} 1. e4 c5 2. Nf3 d6 3. d4 cxd4 4. Nxd4 Nf6 5. Nc3 a6 6. h3 e5 7. Nde2 h5 {B90: Sicilian Najdorf: Unusual White 6th moves, 6 Be3 Ng4 and 6 Be3 e5.} 8. g3 Nbd7 9. a4 b6 {The position is equal.} 10. Nd5 Nxd5 11. Qxd5 Rb8 12. Nc3 Bb7 13. Qa2 (13. Qd1 {seems wilder.} h4 14. Be3 Rc8 15. Bg2 Rc4 16. g4) 13... Be7 {[#]} 14. Bg2 $146 ({Predecessor:} 14. Be3 Nf6 15. Bg2 O-O 16. O-O b5 17. axb5 axb5 18. Qa5 b4 19. Bb6 Qd7 20. Qxb4 {1-0 (35) Harikrishna,P (2753)-Dominguez Perez,L (2732) Huaian 2016}) 14... h4 15. O-O hxg3 16. fxg3 {[%csl Gf1][%cal Ra2f7]} Nf6 (16... O-O {keeps more tension.} 17. Be3 Bg5 18. Bf2 Qc7 19. Rfd1 Be7) 17. Bg5 Rc8 18. Qb3 O-O 19. Bxf6 Bxf6 20. Nd5 (20. h4 $11) 20... Bxd5 $1 $15 21. exd5 g6 22. Qd3 Bg7 23. c3 a5 24. Ra3 f5 25. Rb3 e4 26. Qe3 Rc5 27. Rb5 Kh7 28. g4 Kh8 29. Kh1 Kg8 (29... Qh4 $17) 30. Kg1 {[#]} ({White should try} 30. Rg1 $15) 30... Qh4 $1 $19 31. gxf5 gxf5 32. Rxb6 (32. Qf2 $142 Qh6 33. Kh1) 32... Rxd5 {White must now prevent ...Rd3.} 33. Rb5 Rd3 34. Qf4 (34. Qf2 $17 Qxf2+ 35. Kxf2) 34... Qxf4 35. Rxf4 d5 $2 (35... Be5 $19 36. Rf1 Kh8 37. Rxa5 Rg3) 36. c4 $2 {[%mdl 8192]} (36. Bf1 $1 $11 {and White is okay.} Rd1 {[#]} 37. Rxd5 $1 {[%mdl 576] Remove Defender} Rxd5 38. Bc4) 36... Be5 37. Rf1 f4 38. Rxd5 Bd4+ 39. Kh2 Rd2 40. Re1 e3 41. Rxa5 f3 {[%mdl 64] Pin} 42. Rg5+ Kh7 43. Rg1 e2 {Accuracy: White = 53%, Black = 72%.} 0-1

[Event "Ilmar Raud Memorial 2020"]
[Site "Viljandi"]
[Date "2020.07.07"]
[Round "3.3"]
[White "Kulaots, Kaido"]
[Black "Sakalauskas, Vaidas"]
[Result "1-0"]
[WhiteElo "2524"]
[BlackElo "2335"]
[Annotator "TA"]
[PlyCount "113"]
[EventDate "2020.07.08"]
[EventCountry "EST"]
[SourceTitle "playchess.com"]
[Source "ChessBase"]
[SourceQuality "1"]

{[%evp 16,113,50,37,44,56,63,49,58,29,28,22,27,9,7,0,35,34,27,14,11,25,130,144,110,118,106,77,83,11,11,0,0,0,35,-24,-30,-58,-35,-82,-14,0,-17,-97,-34,-85,-37,-21,-38,-52,-67,-44,-67,-60,-67,-77,-58,-124,-115,-128,-58,-117,-98,-145,-68,-199,-204,-206,-134,-197,-180,-177,-179,-170,-172,-171,-160,-153,-106,-94,-8,-8,141,0,12,8,1146,976,5600,2855,29980,29981,29981,29982,29980,29976,29975,29976,29980,29981]} 1. e4 c5 2. Nf3 g6 3. d4 cxd4 4. Nxd4 Nc6 5. Nc3 Bg7 6. Be3 Nf6 7. Bc4 O-O 8. Bb3 a5 9. O-O $1 {9.0-0 is better than 9.f3.} d6 {B35: Sicilian: Accelerated Dragon with 5 Nc3: main line.} 10. Ndb5 b6 11. f3 Ba6 {White is slightly better.} 12. Rf2 Nd7 13. Rb1 Nc5 {[#]} 14. Bd5 $146 ({Predecessor:} 14. Bc4 Qd7 15. Bf1 Na7 16. Nd4 Nc6 17. Nxc6 Qxc6 18. Nd5 Qb7 19. c4 e6 20. Nc3 Bxc3 21. bxc3 {1-0 (31) Kurmann,O (2431)-Kriste,V (2169) Leukerbad 2011}) 14... Rc8 15. a3 {[%cal Ba2a3,Ba3b4,Bb4b5][%mdl 32]} Qd7 16. b4 $36 {[%mdl 2048] Black is under pressure.} axb4 17. axb4 Ne6 18. Na4 ({Don't go for} 18. Bxb6 $2 Rb8 $19) 18... Ne5 (18... Bxb5 $11 19. Nxb6 {[%mdl 64] Double Attack} Qa7) 19. Nbc3 $16 Qc7 {...b5 is the strong threat.} 20. Bxb6 Qb8 {aiming for ...Rxc3!} 21. b5 Bb7 22. Bxe6 (22. Rb4 $16) 22... fxe6 $11 23. Bd4 Rc4 {White must now prevent ...Rxd4!} 24. Rd2 Rfc8 25. f4 (25. Kh1 $14) 25... Nd7 26. Bxg7 Kxg7 27. Qg4 $1 {[%cal Rg4e6]} Nf8 (27... Kf7 $17 28. Qh3 Nf6) 28. Qg5 Qc7 29. Re1 (29. Re2 $11 {keeps the balance.}) 29... h6 (29... Kg8 $17 30. Rde2 Ra8) 30. Qh4 $15 Rxc3 31. Nxc3 {And now Rd3 would win.} Qc5+ 32. Kh1 g5 33. fxg5 hxg5 34. Qh5 Qxc3 35. Qxg5+ Ng6 36. Rde2 (36. b6 $1 $15) 36... Rc5 $17 {[%mdl 1024] Black has strong compensation.} 37. Qg4 Qf6 ({Better is} 37... Rxb5 $17 38. Qxe6 Ba6) 38. e5 (38. Re3 $1 $15) 38... dxe5 39. Qb4 Rd5 ({Black should play} 39... Rc8 $17 {Strongly threatening ...Nf4.} 40. h3 Kf7) 40. c4 (40. h3 $1 $15) 40... Rd4 $1 $19 41. Qc3 Qg5 {Hoping for ...Nf4!} 42. Qe3 (42. c5 $17 Bd5 43. Rc2) 42... Nf4 {[%cal Rb7g2]} 43. Qxe5+ Qxe5 44. Rxe5 Rd2 $1 45. h4 Nxg2 46. Rg5+ {[#]} Kf7 $1 47. Rf1+ Ke8 (47... Nf4+ $1 $17 48. Kg1 e5) 48. c5 $1 $11 {[%cal Rc5c6]} ({Not} 48. Rg8+ $2 Kd7 $19) 48... Bd5 {[#]} (48... Be4 $11 49. Re5 Ne3+ 50. Rxe4 Nxf1) 49. Kg1 ({White has to play} 49. Rxd5 $1 $16 exd5 50. c6) 49... Nxh4 {Threatens to win with ...Rb2.} 50. c6 $1 {[%cal Rg5g8]} Kd8 $2 {[%mdl 8192] [#]} (50... e5 $11) 51. Rxd5+ $1 $18 {[%mdl 512]} exd5 {[%mdl 4096] Endgame KRN-KR} (51... Rxd5 52. b6) 52. b6 {[%cal Rf1f8]} e5 53. c7+ {White mates.} Kd7 54. Rf7+ Ke6 55. c8=Q+ Kxf7 56. Qd7+ Kg6 57. Qg4+ {Accuracy: White = 71%, Black = 50%.} 1-0

[Event "Ilmar Raud Memorial 2020"]
[Site "Viljandi"]
[Date "2020.07.07"]
[Round "3.4"]
[White "Jazdanovs, Aleksandrs"]
[Black "Laurusas, Tomas"]
[Result "0-1"]
[WhiteElo "2222"]
[BlackElo "2511"]
[Annotator "TA"]
[PlyCount "70"]
[EventDate "2020.07.08"]
[EventCountry "EST"]
[SourceTitle "playchess.com"]
[Source "ChessBase"]
[SourceQuality "1"]

{[%evp 22,70,37,0,0,1,0,-16,0,0,16,0,0,0,9,-49,-43,-38,-1,-45,-50,-76,-54,-114,-121,-110,-108,-370,-383,-357,-386,-407,-381,-447,-447,-441,-364,-333,-274,-294,-194,-196,-27,-255,-247,-307,-283,-1564,-1520,-2282,-1995]} 1. e4 c5 2. Nf3 e6 3. d4 cxd4 4. Nxd4 a6 5. Nc3 Qc7 6. g3 Bb4 7. Bd2 Nf6 8. Bg2 Nc6 9. Nb3 Be7 10. O-O O-O 11. f4 d6 12. Be3 b5 {B80: Sicilian Scheveningen: 6 g3 and 6 Be3, including English Attack.} 13. g4 {is currently scoring better than 13.a3.} Nd7 14. g5 Re8 {The position is equal.} 15. Qh5 g6 16. Qh6 {[#]} Bf8 $146 ({Predecessor:} 16... b4 17. Ne2 Bf8 18. Qh4 Bg7 19. c3 a5 20. Nbd4 Ba6 21. Rfe1 bxc3 22. bxc3 Rab8 23. e5 Nxd4 24. cxd4 {0-1 (28) Kucypera,A (2020)-Palosz,A (2205) Krakow 1996}) 17. Qh4 Bb7 18. Nd2 (18. Rf3 $11) 18... b4 $15 19. Ne2 d5 20. e5 a5 21. Rfc1 Ba6 22. c4 ({White should try} 22. Qf2 $15) 22... bxc3 $1 $17 23. Nxc3 {[#]} Rac8 $1 24. Bxd5 $2 {[%mdl 8192]} (24. Nb3 $17) 24... exd5 $19 25. Nxd5 Qb7 26. Ne4 Re6 {...Ncxe5 is the strong threat.} 27. Ndf6+ Nxf6 28. Nxf6+ {[#]} Rxf6 $1 {[%mdl 512]} 29. gxf6 (29. exf6 Re8) 29... Qxb2 {Threatens to win with ...Nd4.} 30. Qf2 Ba3 31. Rd1 {[#]} Be2 $2 (31... Bd3 $1 $19 {[%mdl 512] Strongly threatening ...h5.} 32. Re1 (32. Rxd3 Qxa1+) 32... Qxf2+ 33. Kxf2 Bc2) 32. Rdc1 $2 (32. Rdb1 $11 {and White stays safe.} Qc2 33. Rb3) 32... Bg4 33. Qg3 Bf5 {aiming for ...Nd4.} 34. Qf3 $2 (34. Qf2) 34... Nd4 35. Rxc8+ Bxc8 {Accuracy: White = 29%, Black = 74%.} 0-1

[Event "Ilmar Raud Memorial 2020"]
[Site "Viljandi"]
[Date "2020.07.07"]
[Round "3.5"]
[White "Sepp, Olav"]
[Black "Kukk, Sander"]
[Result "1-0"]
[WhiteElo "2410"]
[BlackElo "2194"]
[Annotator "TA"]
[PlyCount "105"]
[EventDate "2020.07.08"]
[EventCountry "EST"]
[SourceTitle "playchess.com"]
[Source "ChessBase"]
[SourceQuality "1"]

{[%evp 10,105,45,43,48,48,51,51,51,51,43,44,44,37,43,43,58,21,54,0,8,0,0,2,40,48,46,49,71,59,58,46,75,68,153,82,139,140,129,119,141,0,153,72,85,60,60,75,67,67,73,59,72,56,56,56,53,55,49,49,64,36,87,92,140,127,235,225,247,247,229,233,229,220,604,586,1225,1007,827,393,393,393,362,298,1264,1192,990,790,727,355,326,312,312,307,5527,5531,5069,3750]} 1. e4 g6 2. d4 Bg7 3. Nf3 d6 4. c3 Nd7 5. Bc4 e6 6. O-O Ne7 {B06: Modern Defence.} 7. Re1 O-O 8. Bb3 {has lost popularity (8.Nbd2).} a6 {White is slightly better.} 9. a4 b6 10. Bf4 h6 11. Nbd2 Bb7 {[#]} 12. h3 $146 ({Predecessor:} 12. Qe2 g5 13. Nxg5 hxg5 14. Bxg5 Nf6 15. e5 Nh7 16. Bh4 Qd7 17. f4 dxe5 18. fxe5 {1-0 (45) Nevostrujev,V (2440)-Shomoev,A (2565) Tomsk 2013}) 12... Kh7 13. Nf1 Ng8 14. e5 dxe5 15. Nxe5 Nxe5 16. Bxe5 Qg5 {[%csl Gb7][%cal Rg5g2]} 17. Bg3 $36 {[%mdl 2048] White has the initiative.} h5 18. Qd2 Qd8 19. Rad1 Ne7 20. Ne3 {[%cal Bf1e3,Be3c4,Bc4e5][%mdl 32]} Bh6 21. Qe2 f5 (21... Rc8 $14) 22. f4 (22. Bh4 $142) 22... Qd6 ({Black should try} 22... Qd7) 23. Nc4 $16 Qc6 24. Ne5 Qd6 25. Nc4 Qc6 $1 26. Rd2 ({Better is} 26. Bh4 Rfe8 27. Ne5) 26... Nd5 27. Qxe6 Rae8 28. Qxc6 Rxe1+ 29. Bxe1 Bxc6 30. Ne5 Bb7 31. g3 h4 $1 32. Re2 hxg3 33. Bxd5 Bxd5 34. Bxg3 Re8 35. b4 Bb3 (35... g5 $14) 36. a5 {White stays focused until the end.} b5 37. Kf2 Kg7 {[#]} (37... Bf8 $16 38. Nd7 Rd8) 38. Nd7 $1 $18 Rxe2+ 39. Kxe2 {[%mdl 4096] Endgame KBB-KBN} Be6 40. Nc5 Bc8 {[#]} 41. c4 $1 {[%cal Rc4b5]} c6 $2 (41... bxc4 42. b5 axb5) 42. d5 Kf7 43. dxc6 Bf8 44. cxb5 (44. Nb7 $142 {Strongly threatening cxb5.} Ke8 45. cxb5) 44... Bxc5 45. bxc5 {Threatens to win with b6.} axb5 {KB-KB} 46. Kd3 b4 $2 (46... Ba6 47. Be1 b4+ 48. Kd4 b3) 47. Kc4 Ba6+ 48. Kxb4 Ke6 49. Bh4 Kd5 50. c7 Kc6 51. Bd8 Kd5 $2 {[#]} (51... Kd7 52. Kc3 Ke6) 52. c8=Q $1 {[%mdl 64] Deflection} Bxc8 53. Kb5 {Accuracy: White = 77%, Black = 52%.} 1-0

[Event "Ilmar Raud Memorial 2020"]
[Site "Viljandi"]
[Date "2020.07.07"]
[Round "3.6"]
[White "Kuznetsov, Andrei S."]
[Black "Timoshin, Andrei"]
[Result "1-0"]
[WhiteElo "2220"]
[BlackElo "2132"]
[Annotator "TA"]
[PlyCount "73"]
[EventDate "2020.07.08"]
[EventCountry "EST"]
[SourceTitle "playchess.com"]
[Source "ChessBase"]
[SourceQuality "1"]

{[%evp 23,73,31,36,26,38,17,22,14,13,2,1,0,20,19,52,16,34,23,19,18,48,19,48,50,79,23,35,25,34,42,45,45,45,45,47,42,120,124,136,120,184,96,102,141,112,144,137,100,442,116,973,950]} 1. d4 d5 2. c4 e6 3. Nc3 Nf6 4. cxd5 exd5 5. Bg5 c6 6. e3 Be7 7. Bd3 O-O 8. Qc2 Nbd7 {[%cal Bb8d7,Bd7f8,Bf8g6][%mdl 32]} 9. Nge2 Re8 10. O-O Nf8 11. f3 Ng6 {11...g6 is a critical line.} 12. Rad1 Be6 13. a3 {D36: Queen's Gambit Declined: Exchange Variation: Main line (5 Bg5 c6 6 Qc2).} a5 14. Kh1 Rc8 {[#]} 15. Na4 $146 {The position is equal.} ({Predecessor:} 15. e4 dxe4 16. fxe4 Ng4 17. Bc1 Bg5 18. d5 Bd7 19. dxc6 bxc6 20. Ba6 Rc7 21. Nd4 Bxc1 22. Qxc1 {½-½ (37) Minnican,A (2183)-Lacrosse,M (2264) Mallorca 2004}) 15... Nd7 16. Bxe7 Qxe7 17. Rc1 Ngf8 18. Rfe1 Qd8 19. Ng3 f6 20. Qf2 Bf7 21. Bb1 Qc7 22. Nc3 g6 23. Ba2 Qd6 24. Rcd1 (24. e4 $16) 24... Ne6 25. Qd2 Kg7 26. e4 {[%cal Re4d5]} Nc7 27. f4 Qf8 28. f5 dxe4 29. Bxf7 Qxf7 (29... e3 $1 $14 30. Rxe3 Rxe3 31. Qxe3 Qxf7) 30. Ngxe4 $16 {Threatens to win with Nd6.} Qf8 31. Qf4 Nb6 (31... g5 $16 32. Qg3 Kh8) 32. fxg6 (32. Nd6 $18) 32... hxg6 33. Nd6 Rxe1+ 34. Rxe1 Nbd5 35. Qg3 Rb8 $2 {[%mdl 8192] [#]} (35... Rd8 $16 36. Nxd5 (36. Nxb7 Re8 $16) 36... Nxd5 37. Nxb7 {[%mdl 64] Double Attack} Re8) 36. Nce4 $2 (36. Nf5+ $1 $18 {and the rest is easy.} Kf7 37. Ne4) 36... Ne7 $2 {[%mdl 8192]} (36... f5 $16) 37. Nc5 {Accuracy: White = 63%, Black = 50%.} 1-0

[Event "Ilmar Raud Memorial 2020"]
[Site "Viljandi"]
[Date "2020.07.08"]
[Round "4.1"]
[White "Laurusas, Tomas"]
[Black "Meshkovs, Nikita"]
[Result "0-1"]
[WhiteElo "2511"]
[BlackElo "2582"]
[Annotator "TA"]
[PlyCount "158"]
[EventDate "2020.07.08"]
[EventCountry "EST"]
[SourceTitle "playchess.com"]
[Source "ChessBase"]
[SourceQuality "1"]

{[%evp 9,158,27,27,27,27,26,33,27,35,28,38,16,38,0,24,0,20,22,40,22,24,14,33,25,30,23,22,22,40,27,22,25,21,4,8,4,25,0,10,12,34,0,0,0,0,0,0,0,0,-16,0,0,0,0,-4,-6,0,-12,-19,-20,-45,-40,-12,-20,-14,-87,-66,-66,-66,-66,-66,-64,-67,-66,-66,-85,-81,-106,-65,-95,-35,-36,-38,-31,-39,-41,-34,-42,-41,-33,-38,-56,-3,-7,0,0,0,0,0,0,0,0,0,0,0,0,0,0,0,0,0,0,0,0,0,0,0,0,0,0,0,0,0,0,0,0,0,-8,-11,-13,-8,-8,0,-51,-51,-72,-72,-1327,-828,-29981,-29982,-29982,-29983,-29983,-29984,-29984,-29985,-29985,-29986,-29989,-29990]} 1. d4 Nf6 2. c4 e6 3. Nf3 a6 4. Nc3 d5 5. cxd5 exd5 6. Bg5 {D37: Queen's Gambit Declined: 5 Bf4.} Be6 7. e3 Nbd7 8. Bd3 {White is slightly better.} Bd6 9. O-O O-O 10. Qc2 h6 11. Bh4 Rc8 $5 {[%mdl 4] A promising side line.} 12. Rfd1 c5 13. dxc5 Nxc5 {[#]} 14. Qe2 $146 ({Predecessor:} 14. Rac1 b5 15. Qb1 Be7 16. Ne2 Nfe4 17. Bxe4 Bxh4 18. Bxd5 Bxd5 19. Nf4 Bxa2 20. Qxa2 {1-0 (38) Karthik,V (2505)-Peng,X (2459) Qinhuangdao 2019}) 14... b5 15. a3 Re8 16. Bc2 g5 17. Bg3 Bxg3 18. hxg3 Qb6 19. Rd4 Qb7 20. Nd2 Kg7 21. Rd1 Ncd7 {[%cal Bc5d7,Bd7b6,Bb6c4][%mdl 32]} 22. Nf3 Nb6 23. Bd3 Nc4 24. Qc2 a5 25. Qb1 Nxa3 26. bxa3 Rxc3 27. Bxb5 Rec8 28. a4 Qe7 29. Qa1 Qa3 30. R4d3 Rxd3 31. Bxd3 Rc3 32. Bb5 Bg4 (32... Ne4 {is more complex.} 33. Nd4 Qxa1 34. Rxa1 Nd2 35. Ne2 Rb3) 33. Qxa3 Rxa3 34. Rc1 Ne4 35. Nd4 {[#] Threatens to win with f3.} Nc3 (35... Be6 $5) 36. f3 Be6 37. Nc2 (37. g4 $11 {remains equal.}) 37... Nxb5 38. axb5 $17 {[%mdl 4096] Endgame KRB-KRN} Rc3 39. b6 {Black should prevent Rb1.} Bc8 40. Kf2 Rc6 41. Ke1 a4 42. Kd2 Rxb6 43. Nd4 Rb8 44. Rc7 a3 (44... Ra8 $17 45. Kc2 Ba6) 45. Nc2 $1 $15 Ba6 {Strongly threatening ...a2.} 46. Nxa3 Bf1 47. Nc2 Bxg2 48. Nd4 Rb2+ 49. Ke1 h5 50. Rd7 Kg6 (50... g4 $15 51. fxg4 hxg4) 51. Rxd5 $11 h4 52. gxh4 gxh4 {White must now prevent ...h3.} 53. Rd8 h3 54. Rh8 Kg5 55. Rg8+ $1 Kf6 56. Rh8 Ra2 57. Rh5 Ke7 58. Rh6 Kd7 59. Kd1 f6 60. Ke1 Ke7 61. Rh5 Kd6 62. Nb5+ Ke6 63. Nd4+ Kf7 64. Rh6 Rb2 65. Kd1 Ke7 66. Ke1 Kd7 67. Rh5 Kd6 68. e4 Ra2 69. f4 Ra4 70. e5+ Kc5 71. Nf5 ({White should try} 71. Ne2 $11) 71... Re4+ $15 {[%mdl 64] [#] Double Attack} 72. Kd2 fxe5 73. fxe5 $2 {[%mdl 8192] Now White is beyond hope.} (73. Ng7 $17) 73... Rxe5 $19 74. Ng3 Rxh5 {Black mates.} 75. Nxh5 h2 76. Ng3 Kd4 77. Ke2 Ke5 78. Kf2 Bc6 79. Nh1 Kf4 {Accuracy: White = 84%, Black = 94%.} ({Inferior is} 79... Bxh1 80. Kg3 $11) 0-1